Statistiques concernant Pays avec les plus grandes données Covid-19 sur une journée

Cliquez ici pour prendre le quiz!

Statistiques générales

  • Ce quiz a été pris 38 fois
    (36 depuis la dernière actualisation)
  • Le résultat moyen est 15 sur 21

Statistiques - réponses

pays% Correct
Espagne
100%
France
100%
Etats-Unis
97%
Italie
97%
Brésil
94%
Russie
94%
Allemagne
88%
Canada
88%
Royaume-Uni
88%
Belgique
84%
Inde
81%
Mexique
78%
Iran
69%
Suède
69%
Turquie
53%
Chili
44%
Pakistan
44%
Pérou
41%
Bangladesh
25%
Arabie Saoudite
19%
Qatar
9%

Distribution des résultats

Percentile par nombre de réponses

% des personnes avec chaque résultat

Votre développement - résultats

Vous n’avez pas pris ce quiz depuis la dernière actualisation